000 00638nam a2200193Ii 4500
003 JO-AjNU
008 230605s9999||||xx |||||||||||||| ||und||
040 _aJO-AjNU
_bara
_erda
_cJO-AjNU
041 _aara
050 1 4 _aTA545.K36 2003
100 3 _aالكرباسي، حسين علي,
_eauthor
_915862
245 0 0 _aالمساحة العقارية=Cadastral Surveing
264 3 1 _aجامعة البلقاء التطبيقية، المؤلف،2003
300 _a384ص
336 _atext
_btxt
_2rdacontent
337 _aunmediated
_bn
_2rdamedia
338 _avolume
_bnc
_2rdacarrier
650 4 _aالمساحة العقارية
_915863
999 _aA4577
_c8145
_d8145